[Event "Open Semana Santa 2023"]
[Site "?"]
[Date "2023.04.07"]
[Round "5.188"]
[White "Guzman Fuentes, Encarna"]
[Black "Andries, Leia"]
[Result "0-1"]
[WhiteElo "1311"]
[BlackElo "1627"]
[PlyCount "40"]

1. e4 c5 2. Nf3 Nc6 3. d4 cxd4 4. Nxd4 Nf6 5. Nc3 e6 6. Ndb5 Bc5 7. Nd6+ Ke7 8.
Bf4 e5 9. Nxc8+ Rxc8 10. Bg5 Kf8 11. Nd5 h6 12. Nxf6 gxf6 13. Bh4 Qb6 14. Be2
Nd4 15. Bh5 Nxc2+ 16. Kf1 Nxa1 17. Qxa1 Bd4 18. Qe1 Qxb2 19. g3 Rc1 20. Bd1
Rxd1 0-1

[Event "Open Semana Santa 2023"]
[Site "?"]
[Date "2023.04.07"]
[Round "5.189"]
[White "Nechifor, David"]
[Black "Vallina Menendez, Marcos"]
[Result "1-0"]
[WhiteElo "1639"]
[BlackElo "1377"]
[PlyCount "101"]

1. d4 d5 2. c4 c6 3. cxd5 cxd5 4. Bf4 Nf6 5. Nc3 Nc6 6. e3 a6 7. Bd3 e6 8. Rc1
Bd7 9. h3 Rc8 10. Nf3 Bb4 11. O-O O-O 12. Ne5 Re8 13. Bg5 Be7 14. f4 h6 15. Bh4
Nb4 16. Bb1 Bc6 17. a3 Ne4 18. Bxe7 Qxe7 19. axb4 Qxb4 20. Nxe4 dxe4 21. Nxc6
bxc6 22. Bxe4 c5 23. Qe1 f5 24. Qxb4 cxb4 25. Bd3 Ra8 26. Rc6 a5 27. Bc4 Kf7
28. Bb5 Reb8 29. Ba4 b3 30. Rfc1 Rb4 31. R6c4 Rbb8 32. R1c3 Rb4 33. Rxb4 axb4
34. Rc7+ Kg6 35. Bxb3 Ra1+ 36. Kf2 Rb1 37. Rc2 Kf6 38. Ke2 g5 39. fxg5+ hxg5
40. Kd3 Rd1+ 41. Rd2 Rg1 42. Kc4 Ra1 43. Kxb4 Ra7 44. Kc3 Rc7+ 45. Bc4 Ke7 46.
d5 Rd7 47. dxe6 Rc7 48. Rd7+ Rxd7 49. exd7 Kxd7 50. Kd4 Kd6 51. b4 1-0

[Event "Open Semana Santa 2023"]
[Site "?"]
[Date "2023.04.07"]
[Round "5.190"]
[White "Del Valle Domenech, Trinidad"]
[Black "Perez Pinazo, Jose Oscar"]
[Result "0-1"]
[WhiteElo "1311"]
[BlackElo "1612"]
[PlyCount "67"]

1. e4 c6 2. d4 d5 3. e5 Bf5 4. Nf3 e6 5. Bf4 c5 6. c3 Nc6 7. Be2 cxd4 8. cxd4
Qb6 9. Qb3 Qxb3 10. axb3 Bb4+ 11. Bd2 Nge7 12. O-O O-O 13. Nc3 Bg4 14. Be3 a6
15. Na4 Nf5 16. Nb6 Rad8 17. Rfd1 f6 18. exf6 gxf6 19. Kf1 Bd6 20. Ng1 Bxe2+
21. Nxe2 Kf7 22. g3 Rg8 23. Ng1 h5 24. Nf3 Rh8 25. Ke2 h4 26. Bf4 Bxf4 27. gxf4
Rhg8 28. Ra4 Rg4 29. b4 Rxf4 30. b5 axb5 31. Ra5 Nfxd4+ 32. Nxd4 Rxd4 33. Rxd4
Nxd4+ 34. Ke3 0-1

[Event "Open Semana Santa 2023"]
[Site "?"]
[Date "2023.04.07"]
[Round "5.191"]
[White "Petrashko, Vladyslav"]
[Black "Kratz, Jonathan"]
[Result "0-1"]
[WhiteElo "1290"]
[BlackElo "1600"]
[PlyCount "70"]

1. e4 c6 2. c3 d5 3. exd5 cxd5 4. d4 Nc6 5. Nf3 Bg4 6. Bf4 Qb6 7. Qb3 Bxf3 8.
Qxb6 axb6 9. gxf3 e6 10. Nd2 Kd7 11. Nb3 Nf6 12. c4 Nb4 13. Kd2 Rxa2 14. Rxa2
Nxa2 15. Be2 Nb4 16. c5 bxc5 17. Nxc5+ Bxc5 18. dxc5 Ra8 19. Kc3 Nc6 20. Bg5
d4+ 21. Kd2 Nd5 22. Bc4 Ncb4 23. Bb5+ Kc7 24. Rc1 h5 25. Bh4 f6 26. Bg3+ e5 27.
Rc4 Nc6 28. f4 exf4 29. Bxc6 Kxc6 30. Rxd4 fxg3 31. hxg3 Kxc5 32. Rh4 g6 33. b3
Ra2+ 34. Ke1 Rb2 35. Rc4+ Kd6 0-1

[Event "Open Semana Santa 2023"]
[Site "?"]
[Date "2023.04.07"]
[Round "5.192"]
[White "Galiana Fernandez, Hector"]
[Black "Hidalgo Mena, Manel"]
[Result "1-0"]
[WhiteElo "1599"]
[BlackElo "1362"]
[PlyCount "63"]

1. e4 e6 2. d4 d5 3. exd5 Qxd5 4. c4 Qe4+ 5. Be3 Nf6 6. Nc3 Bb4 7. Qd2 Qg6 8.
a3 Be7 9. Nb5 Na6 10. Nf3 c6 11. Nc3 Ng4 12. Bd3 Qh5 13. Bf4 O-O 14. h3 Nf6 15.
Ne5 Nd7 16. g4 Nxe5 17. dxe5 Qh4 18. O-O-O Nc5 19. Bc2 a6 20. g5 b5 21. b4 Na4
22. Nxa4 bxa4 23. c5 a5 24. Bxa4 axb4 25. Bxc6 Bxc5 26. Bxa8 bxa3 27. Be3 Bb4
28. Qd4 Qxd4 29. Rxd4 Be7 30. Ra4 g6 31. Rd1 Bd7 32. Rxd7 1-0

[Event "Open Semana Santa 2023"]
[Site "?"]
[Date "2023.07.12"]
[Round "5.193"]
[White "Corpa Rios, Flavio"]
[Black "Roche Fraile, Carlos"]
[Result "1-0"]
[WhiteElo "1289"]
[BlackElo "1593"]
[PlyCount "121"]

1. e4 e5 2. Nf3 Nf6 3. Nxe5 d6 4. Nf3 Nxe4 5. Nc3 Nxc3 6. dxc3 Bf5 7. Bd3 Bg6
8. Bxg6 hxg6 9. Be3 Nc6 10. Qe2 Qe7 11. O-O-O O-O-O 12. Rhe1 Re8 13. Qc4 Qd7
14. Kb1 Kb8 15. h4 f6 16. Qe2 Ka8 17. Qd3 Qf7 18. g3 Be7 19. Nd4 Ne5 20. Qe2
Bd8 21. Qf1 Re7 22. f4 Ng4 23. Bg1 Rhe8 24. Rxe7 Qxe7 25. a3 c6 26. Qf3 Qd7 27.
f5 Ne5 28. Qf2 Bb6 29. Qf4 Bxd4 30. cxd4 Nc4 31. fxg6 Qe6 32. Qf2 Qe4 33. d5 c5
34. h5 Qe5 35. c3 Qxh5 36. Re1 Qxg6+ 37. Ka1 a6 38. Rxe8+ Qxe8 39. Ka2 Qb5 40.
b3 Na5 41. b4 Qc4+ 42. Kb1 Qb3+ 43. Qb2 Qd1+ 44. Qc1 Qd3+ 45. Qc2 Qxc2+ 46.
Kxc2 Nc4 47. Kb3 Nd2+ 48. Kc2 Nc4 49. bxc5 Nxa3+ 50. Kb3 Nb5 51. c4 Na7 52.
cxd6 Kb8 53. Bxa7+ Kc8 54. c5 Kd7 55. Kb4 f5 56. Ka5 g5 57. Kb6 f4 58. c6+ bxc6
59. dxc6+ Kxd6 60. gxf4 gxf4 61. Kb7 1-0

[Event "Open Semana Santa 2023"]
[Site "?"]
[Date "2023.04.07"]
[Round "5.194"]
[White "Mulet Salva, Jeroni"]
[Black "Segarra Victorio, Israel"]
[Result "1/2-1/2"]
[WhiteElo "1263"]
[BlackElo "1586"]
[PlyCount "86"]

1. e4 e6 2. d4 d5 3. exd5 exd5 4. Nf3 Nf6 5. c4 c6 6. Nc3 h6 7. Bd3 Be7 8. O-O
Bg4 9. Bf4 O-O 10. cxd5 Nxd5 11. Bg3 Nxc3 12. bxc3 c5 13. d5 Bf6 14. Bc2 Nd7
15. Qe2 Re8 16. Qd3 g6 17. Rab1 Qa5 18. c4 Qxa2 19. Rxb7 Nb6 20. Bb3 Qa5 21.
Nh4 Bxh4 22. f3 Bf5 23. Qd1 Bxg3 24. hxg3 Qc3 25. g4 Bd3 26. Rf2 Re1+ 27. Kh2
Rxd1 28. Bxd1 Qe1 29. Ra2 Qxd1 30. d6 Bxc4 31. Ra5 Qxd6+ 32. Kh3 h5 33. Rbxa7
Rxa7 34. Rxa7 hxg4+ 35. fxg4 f5 36. g5 Qd3+ 37. Kh4 Qe4+ 38. Kh3 Qg4+ 39. Kh2
Bf1 40. Ra2 f4 41. g3 Qxg3+ 42. Kh1 Bc4 43. Ra8+ Nxa8 1/2-1/2

[Event "Open Semana Santa 2023"]
[Site "?"]
[Date "2023.04.07"]
[Round "5.195"]
[White "Garcia Perez, Sergio"]
[Black "Yurkovskaya, Yana"]
[Result "0-1"]
[WhiteElo "1288"]
[BlackElo "1578"]
[PlyCount "86"]
[EventDate "2023.??.??"]

1. e4 e6 2. Nf3 d5 3. Nc3 dxe4 4. Nxe4 Nf6 5. Nxf6+ Qxf6 6. d4 c5 7. Bg5 Qf5 8.
dxc5 Bd7 9. Bb5 Qe4+ 10. Qe2 Qb4+ 11. c3 Qxb5 12. Qxb5 Bxb5 13. O-O-O f6 14.
Be3 Nd7 15. Nd4 Bc6 16. Nxe6 Kf7 17. Nxf8 Rhxf8 18. Rhe1 Rad8 19. f3 Ne5 20.
Kc2 Nc4 21. Bf2 Rxd1 22. Rxd1 Re8 23. Kb3 Ne3 24. Re1 Bd5+ 25. Ka4 Nxg2 26.
Rxe8 Kxe8 27. a3 Bxf3 28. b4 Nf4 29. Ka5 Nd3 30. Bd4 Nb2 31. b5 Kd7 32. a4 Bd5
33. Kb4 Nd3+ 34. Ka5 f5 35. c6+ bxc6 36. Bxa7 cxb5 37. axb5 f4 38. Bd4 f3 39.
b6 Kc8 40. Kb5 f2 41. Bxf2 Nxf2 42. c4 Bb7 43. c5 Kd7 0-1

[Event "Open Semana Santa 2023"]
[Site "?"]
[Date "2023.04.07"]
[Round "5.196"]
[White "Rouiller, Leonard"]
[Black "Saez Pascual, Javier"]
[Result "1-0"]
[WhiteElo "1573"]
[BlackElo "1359"]
[PlyCount "84"]

1. e4 d5 2. exd5 Qxd5 3. Nc3 Qd6 4. d4 Nf6 5. Nf3 c6 6. g3 Bf5 7. Bf4 Qd8 8.
Bg2 e6 9. O-O Be7 10. Re1 O-O 11. Nh4 Bg4 12. Qd2 Nd5 13. Nxd5 cxd5 14. Nf3
Bxf3 15. Bxf3 Nc6 16. c3 Rc8 17. Bd1 b5 18. Bc2 Bf6 19. Qd3 g6 20. h4 b4 21. h5
bxc3 22. bxc3 Bg5 23. hxg6 hxg6 24. Qe3 Bxf4 25. Qxf4 Kg7 26. Kg2 Qf6 27. Qd2
Rh8 28. Rh1 Na5 29. Bd3 Nc4 30. Bxc4 Rxc4 31. Rab1 Rxh1 32. Rxh1 Kg8 33. Qb2
Qd8 34. Qc1 g5 35. Qe3 Qf6 36. Rh5 g4 37. Rg5+ Kf8 38. Rxg4 Qf5 39. Rf4 Qg6 40.
Qe5 Rxc3 41. Qb8+ Kg7 42. Rh4 Rxg3+ 1-0

[Event "Open Semana Santa 2023"]
[Site "?"]
[Date "2023.04.07"]
[Round "5.197"]
[White "Pardo Ruiz, Beatriz"]
[Black "Priakhin, Nikita"]
[Result "1-0"]
[WhiteElo "1570"]
[BlackElo "1342"]
[PlyCount "58"]

1. e4 e5 2. Nf3 Nc6 3. Bc4 Bc5 4. O-O Nf6 5. d4 exd4 6. e5 Ng4 7. Bf4 d5 8.
exd6 Bxd6 9. Re1+ Be7 10. Qe2 O-O 11. Bb5 Bb4 12. Bd2 Bxd2 13. Nbxd2 a6 14.
Bxc6 bxc6 15. Nb3 Bb7 16. Nfxd4 Nf6 17. Qf3 Qd5 18. Qxd5 cxd5 19. Re7 Rac8 20.
Nc5 Ba8 21. Nxa6 c5 22. Nb3 c4 23. Nd4 c3 24. b3 Rfe8 25. Rae1 Kf8 26. Rxe8+
Rxe8 27. Rxe8+ Kxe8 28. Nc7+ Kd7 29. Nxa8 Kc8 1-0

[Event "Open Semana Santa 2023"]
[Site "?"]
[Date "2023.04.07"]
[Round "5.198"]
[White "Serrano Requena, Guillem"]
[Black "De La Hoz Mulet, Miguel"]
[Result "1-0"]
[WhiteElo "1563"]
[BlackElo "1311"]
[PlyCount "80"]

1. d4 Nf6 2. Bg5 d5 3. Bxf6 exf6 4. e3 Bf5 5. Nd2 Bd6 6. g3 Nd7 7. Bg2 c6 8.
Ne2 O-O 9. O-O h6 10. c4 dxc4 11. Nxc4 Nb6 12. Nd2 Qd7 13. Re1 Be6 14. Ne4 Bd5
15. N2c3 Be6 16. a3 Nd5 17. Ne2 f5 18. N4c3 Nf6 19. Qd3 Rfe8 20. Rad1 Rad8 21.
Bf3 Bc7 22. Na4 b6 23. Nac3 Nd5 24. b4 Nxc3 25. Nxc3 b5 26. Qc2 Bb8 27. Rd2 Qb7
28. Red1 Rd7 29. d5 cxd5 30. Nxd5 Qa6 31. Qb2 Red8 32. e4 fxe4 33. Bxe4 Bxd5
34. Bxd5 Kf8 35. Qc3 Qg6 36. Qc5+ Kg8 37. Bxf7+ Qxf7 38. Rxd7 Rxd7 39. Qc8+ Kh7
40. Qxd7 Be5 1-0

[Event "Open Semana Santa 2023"]
[Site "?"]
[Date "2023.04.07"]
[Round "5.199"]
[White "Diriavka, Emma"]
[Black "Hladiy, Mark"]
[Result "1-0"]
[WhiteElo "1216"]
[BlackElo "1559"]
[PlyCount "107"]

1. e4 e5 2. Bc4 Nf6 3. Nc3 Bc5 4. h3 O-O 5. Nf3 c6 6. O-O d5 7. exd5 e4 8. Nh2
cxd5 9. Bb3 Nc6 10. d3 Re8 11. Bg5 e3 12. fxe3 Bxe3+ 13. Bxe3 Rxe3 14. Rf3 d4
15. Ne4 Nd5 16. Qf1 Be6 17. c3 Ne5 18. Rxe3 dxe3 19. d4 Qh4 20. Nc5 Ng6 21. Nf3
Qg3 22. Qe1 Qf4 23. Nxb7 Bxh3 24. Bxd5 Bxg2 25. Kxg2 Qg4+ 26. Qg3 Nf4+ 27. Kh2
Qh5+ 28. Nh4 Nxd5 29. Kh3 g5 30. Rg1 h6 31. Nd6 Kh7 32. c4 Nf4+ 33. Kh2 Ne2 34.
Qxe3 Qxh4+ 35. Kg2 Qg4+ 36. Kf1 Qxg1+ 37. Qxg1 Nxg1 38. Kxg1 Rb8 39. c5 Rxb2
40. c6 Rc2 41. d5 Kg6 42. Nb7 Kf6 43. d6 Ke6 44. d7 Rd2 45. Nc5+ Ke7 46. c7
Rxd7 47. c8=Q Rd1+ 48. Kg2 Rd2+ 49. Kg3 Rxa2 50. Qd7+ Kf6 51. Ne4+ Kg6 52. Qd6+
Kh7 53. Nf6+ Kg6 54. Ng4+ 1-0

[Event "Open Semana Santa 2023"]
[Site "?"]
[Date "2023.04.07"]
[Round "5.200"]
[White "Zoukou, Ylann"]
[Black "Ortiz Maseres, Roberto"]
[Result "1-0"]
[WhiteElo "1555"]
[BlackElo "1268"]
[PlyCount "77"]

1. e4 d5 2. exd5 Nf6 3. d4 Bg4 4. Nf3 Qxd5 5. Be2 Nc6 6. c4 Qa5+ 7. Nc3 e6 8.
O-O O-O-O 9. Be3 Bd6 10. h3 Bf5 11. a3 Bg6 12. b4 Qf5 13. c5 Be7 14. b5 Nb8 15.
Qa4 Qc2 16. Qxc2 Bxc2 17. Rfc1 Bf5 18. b6 a6 19. Bf4 Ne8 20. Na4 h6 21. bxc7
Nd7 22. Nb6+ Nxb6 23. cxd8=Q+ Kxd8 24. cxb6 Bd6 25. Ne5 Ke7 26. g4 Bh7 27. Bg3
Nf6 28. Bf3 Rb8 29. Nc4 Bxg3 30. fxg3 Nd7 31. Ra2 Bd3 32. Rb2 f5 33. Ne5 Nxe5
34. dxe5 fxg4 35. hxg4 Bb5 36. Rc7+ Kf8 37. Rxb7 Rc8 38. Rc7 Rb8 39. b7 1-0

[Event "Open Semana Santa 2023"]
[Site "?"]
[Date "2023.04.07"]
[Round "5.201"]
[White "Grueso Vano, Oscar"]
[Black "Cervera Diaz, Aaron"]
[Result "0-1"]
[WhiteElo "1548"]
[BlackElo "1253"]
[PlyCount "39"]

1. e4 e6 2. d4 d5 3. e5 c5 4. c3 Nc6 5. Nf3 Bd7 6. a3 cxd4 7. cxd4 Nge7 8. b4
Qb6 9. Bb2 Rc8 10. Nbd2 Nf5 11. Nb3 Be7 12. Bd3 O-O 13. O-O f6 14. Re1 fxe5 15.
dxe5 Be8 16. Rc1 Bh5 17. Be2 Bxf3 18. Bxf3 Rf7 19. b5 Qxb5 20. Qd2 0-1

[Event "Open Semana Santa 2023"]
[Site "?"]
[Date "2023.04.07"]
[Round "5.202"]
[White "Ortega Sanchez Montanez, Marcos"]
[Black "Martinez Egea, Gabriel"]
[Result "1-0"]
[WhiteElo "1538"]
[BlackElo "1234"]
[Annotator "Usuario"]
[PlyCount "123"]

1. d4 e6 2. c4 c6 3. Nc3 d5 4. Nf3 Nf6 5. Bg5 Be7 6. e3 Nbd7 7. cxd5 Nxd5 8.
Bxe7 Qxe7 9. Nxd5 cxd5 10. Bd3 Qb4+ 11. Qd2 Qxd2+ 12. Kxd2 O-O 13. Rac1 Nf6 14.
Rc7 Ne8 15. Re7 Nd6 16. Rc1 Re8 17. Rcc7 Rxe7 18. Rxe7 Kf8 19. Rc7 h6 20. Ne5
Ke8 21. Nxf7 Nxf7 22. Bg6 Bd7 23. Bxf7+ Ke7 24. Bh5 b6 25. Be2 a6 26. Rc3 b5
27. b4 Kd6 $11 28. Bf3 a5 29. Ra3 a4 30. Rc3 g6 31. e4 Rf8 32. e5+ Ke7 33. Ke3
g5 34. Rc7 Rc8 35. Rxc8 Bxc8 36. Be2 Bd7 37. a3 Kf8 38. Bh5 Be8 39. Bxe8 Kxe8
40. g4 Kf7 41. Kf3 Kg6 42. Kg3 h5 43. gxh5+ Kxh5 44. h3 Kg6 45. Kg4 Kh6 46. f4
gxf4 47. Kxf4 Kh5 48. Kg3 Kg5 49. h4+ Kh5 50. Kh3 Kg6 51. Kg4 Kh6 52. h5 Kh7
53. Kg5 Kg7 54. h6+ Kf7 55. Kh5 Kg8 56. Kg6 Kh8 57. Kf6 Kh7 58. Kxe6 Kxh6 59.
Kxd5 Kg7 60. Kd6 Kf7 61. Kd7 Kf8 62. e6 1-0

[Event "Open Semana Santa 2023"]
[Site "?"]
[Date "2023.04.07"]
[Round "5.203"]
[White "Sanchez Villodres, Mario"]
[Black "Harouat, Alexander"]
[Result "1-0"]
[WhiteElo "1538"]
[BlackElo "1133"]
[PlyCount "65"]

1. d4 d5 2. c4 Nf6 3. cxd5 Nxd5 4. e4 Nf6 5. Nc3 Nc6 6. Nf3 Bg4 7. d5 Ne5 8.
Be2 Bxf3 9. Bxf3 Qd7 10. O-O O-O-O 11. a4 e6 12. Bf4 Ng6 13. Bg3 e5 14. Rc1 a6
15. Qc2 h5 16. h3 h4 17. Bh2 Kb8 18. Rb1 Rh6 19. b4 Ne7 20. Bxe5 Ne8 21. b5 a5
22. Bg4 f5 23. exf5 Nxd5 24. Rfd1 Qe7 25. Bh2 Qf7 26. Bf3 Nef6 27. Nxd5 Nxd5
28. Bxd5 Rxd5 29. Rxd5 Qxd5 30. Qxc7+ Ka7 31. Qxa5+ Ra6 32. b6+ Ka8 33. Qxd5
1-0

[Event "Open Semana Santa 2023"]
[Site "?"]
[Date "2023.04.07"]
[Round "5.204"]
[White "Bethencourt Hernandez, Alberto I"]
[Black "Ibanez Valentin, Gabriel"]
[Result "0-1"]
[WhiteElo "1091"]
[BlackElo "1537"]
[PlyCount "60"]

1. d4 d5 2. Bf4 Nf6 3. Nf3 c5 4. c3 Nc6 5. Ne5 Qb6 6. b3 cxd4 7. c4 e6 8. a3
Qa5+ 9. Bd2 Qb6 10. Nd3 dxc4 11. bxc4 Na5 12. Qa4+ Nc6 13. Nb4 Bd7 14. Qc2 Nxb4
15. axb4 Bxb4 16. Qb3 Bc6 17. f3 e5 18. Bxb4 Qxb4+ 19. Kf2 O-O 20. Ra3 e4 21.
Qc2 Rfe8 22. Rb3 Qc5 23. Ke1 Ba4 24. Nd2 d3 25. Qc3 exf3 26. gxf3 dxe2 27. Bg2
Bxb3 28. Nxb3 Qg5 29. Rg1 Qh4+ 30. Kd2 e1=Q+ 0-1

[Event "Open Semana Santa 2023"]
[Site "?"]
[Date "2023.07.12"]
[Round "5.205"]
[White "Ilinca Ilinca, Filip Antonio"]
[Black "Perea Fruet, Alba"]
[Result "1-0"]
[WhiteElo "1515"]
[BlackElo "1127"]
[PlyCount "63"]

1. c4 e5 2. Nc3 Nc6 3. Nf3 Bc5 4. g3 d6 5. Bg2 a6 6. O-O Ba7 7. e3 Nge7 8. d4
exd4 9. exd4 O-O 10. Re1 Nf5 11. d5 Nce7 12. Qe2 Re8 13. b4 Bd7 14. Qd1 Ng6 15.
Bb2 Ne5 16. Nxe5 dxe5 17. Ne4 Nd4 18. c5 Nf5 19. Rc1 c6 20. dxc6 Bxc6 21. Nd6
Nxd6 22. Qxd6 Qxd6 23. cxd6 Bxg2 24. Kxg2 f6 25. Rc7 Red8 26. d7 b5 27. Rec1
Rab8 28. Rc8 Kf7 29. R1c7 Bb6 30. Rc6 Rdxc8 31. dxc8=Q Rxc8 32. Rxc8 1-0

[Event "Open Semana Santa 2023"]
[Site "?"]
[Date "2023.04.07"]
[Round "5.206"]
[White "Munoz Martinez, Francisco"]
[Black "Asensio Ramon, Ismael"]
[Result "0-1"]
[WhiteElo "1069"]
[BlackElo "1511"]
[PlyCount "60"]

1. e4 c5 2. Bc4 Nc6 3. Qh5 e6 4. Ne2 Nf6 5. Qf3 Ne5 6. Qb3 Nxe4 7. d3 Nf6 8.
Bg5 a6 9. a4 d5 10. Bb5+ axb5 11. Qxb5+ Nc6 12. Nd2 Be7 13. Bf4 Nh5 14. Nf3
Nxf4 15. Nxf4 O-O 16. O-O e5 17. Ne2 Bg4 18. Qxb7 Qd6 19. Nxe5 Nxe5 20. Nf4 Nc6
21. c4 Rfb8 22. Qxa8 Rxa8 23. Nxd5 Qg6 24. Rfe1 Bf3 25. g3 Bg5 26. Ra3 Qh6 27.
d4 Nxd4 28. Ne7+ Bxe7 29. Rxe7 Qh3 30. Rxf3 Nxf3+ 0-1

[Event "Open Semana Santa 2023"]
[Site "?"]
[Date "2023.04.07"]
[Round "5.213"]
[White "Nunez De Arenas Navarro, Agnes"]
[Black "Ferrete Rueda, Juan Carlos"]
[Result "0-1"]
[WhiteElo "1245"]
[BlackElo "1620"]
[PlyCount "170"]

1. d4 Nf6 2. Bf4 e6 3. e3 d5 4. Bd3 c5 5. c3 Bd6 6. Nf3 Nc6 7. Bg3 h6 8. Nbd2
Bxg3 9. hxg3 cxd4 10. exd4 Qe7 11. O-O O-O 12. Ne5 Nxe5 13. dxe5 Nd7 14. f4 b6
15. Qh5 Qc5+ 16. Kh2 Qe3 17. Qe2 Qxe2 18. Bxe2 Bb7 19. Nb3 Rac8 20. Nd4 Nc5 21.
Bf3 Ba6 22. Rfd1 g6 23. a4 Bc4 24. Nb5 Ra8 25. Nd6 Bb3 26. Rd2 Bxa4 27. Rd4 Bd7
28. Rb4 Rfb8 29. g4 a5 30. Rd4 Nb3 31. Rdd1 Nxa1 32. Rxa1 Ra7 33. f5 gxf5 34.
gxf5 exf5 35. Bxd5 Be6 36. c4 Rc7 37. b3 Rc5 38. Rd1 Kf8 39. Kg3 Ke7 40. Nb5
Rd8 41. Nc3 Rcc8 42. Kf4 Rg8 43. g3 Rg4+ 44. Kf3 Rcg8 45. Ne2 f4 46. gxf4 Rh4
47. Ke3 Rh3+ 48. Ke4 Rxb3 49. Nd4 Rb2 50. Nc6+ Kf8 51. Nd8 Bxd5+ 52. cxd5 Ke7
53. Nc6+ Kd7 54. Nd4 a4 55. Nf5 Rb4+ 56. Ke3 Rg4 57. Nd4 a3 58. Ra1 Ra4 59. Kf3
Rh4 60. Kg3 Rxd4 61. Kxh4 Rxf4+ 62. Kg3 Ra4 63. Kf2 a2 64. Ke3 b5 65. Kd3 h5
66. Kc2 h4 67. Kb2 h3 68. e6+ fxe6 69. dxe6+ Kxe6 70. Re1+ Kf5 71. Ka1 b4 72.
Re3 Kg4 73. Re4+ Kf3 74. Rh4 Kg3 75. Rh8 b3 76. Rb8 h2 77. Rg8+ Rg4 78. Rh8 Kg2
79. Kb2 h1=Q 80. Rxh1 Kxh1 81. Ka1 Rg1+ 82. Kb2 a1=Q+ 83. Kxb3 Rc1 84. Kb4 Qb2+
85. Ka5 Ra1# 0-1

[Event "Open Semana Santa 2023"]
[Site "?"]
[Date "2023.04.07"]
[Round "5.214"]
[White "Martinez Silva, Gabriel"]
[Black "Piris Ferrandis, Asier"]
[Result "0-1"]
[WhiteElo "1232"]
[BlackElo "1603"]
[PlyCount "132"]

1. d4 Nf6 2. Nf3 g6 3. Bf4 Bg7 4. e3 O-O 5. Bd3 d6 6. Nbd2 Nbd7 7. h3 b6 8. Qe2
a5 9. Ne4 Bb7 10. Nfd2 Nd5 11. Qg4 f5 12. Qg3 Nxf4 13. exf4 fxe4 14. Nxe4 Nf6
15. Ng5 Qd7 16. h4 Nh5 17. Qe3 Nxf4 18. Be4 Nxg2+ 19. Bxg2 Bxg2 20. Rh2 Bd5 21.
h5 Bh6 22. hxg6 Bxg5 23. Qxg5 Qe6+ 24. Kd2 Qxg6 25. Qxd5+ e6 26. Qh1 Qf5 27.
Rg1+ Kh8 28. Qg2 Rg8 29. Qh1 Rxg1 30. Qxg1 Qf4+ 31. Kd3 Qf3+ 32. Kd2 Rg8 33.
Qh1 Qf4+ 34. Ke1 Qc1+ 35. Ke2 Qxc2+ 36. Ke3 Qg6 37. Qf3 Qg5+ 38. Ke2 Qg4 39.
Rh6 Qxd4 40. Rh2 Qxb2+ 41. Ke3 Qc3+ 42. Ke2 Qxf3+ 43. Kxf3 Rg5 44. Rh6 Re5 45.
Kg4 Kg7 46. Rh3 Re2 47. Rc3 c5 48. Rd3 d5 49. Rb3 Re4+ 50. Kf3 Rb4 51. Re3 Kf6
52. Ke2 Re4 53. Kd3 Rxe3+ 54. Kxe3 Ke5 55. f4+ Kf5 56. a4 h5 57. Kf3 c4 58. Ke3
h4 59. Kd4 h3 60. Ke3 h2 61. Kd4 h1=Q 62. Ke3 Qe4+ 63. Kd2 Qd3+ 64. Kc1 Qe2 65.
Kb1 c3 66. Ka1 Qb2# 0-1

[Event "Open Semana Santa 2023"]
[Site "?"]
[Date "2023.04.07"]
[Round "5.215"]
[White "Soler Nadal, Jose Antonio"]
[Black "GM Suba, Mihai"]
[Result "1-0"]
[WhiteElo "1677"]
[BlackElo "1974"]
[PlyCount "98"]
[EventDate "2023.??.??"]

1. d4 Nf6 2. Nf3 e6 3. e3 b6 4. Bd3 Bb7 5. Nbd2 d5 6. Ne5 Bd6 7. f4 O-O 8. Qf3
c5 9. c3 Ba6 10. Bc2 cxd4 11. exd4 b5 12. a3 Nbd7 13. g4 g6 14. Rg1 Re8 15. h4
Nf8 16. Rh1 Bb7 17. h5 Qc7 18. Qh3 Ne4 19. hxg6 fxg6 20. Nxe4 dxe4 21. Be3 Bxe5
22. fxe5 Red8 23. Kd2 Rd7 24. Raf1 Rf7 25. Rxf7 Qxf7 26. Rf1 Qe7 27. Rf4 Nd7
28. Bxe4 Bxe4 29. Rxe4 Nb6 30. Bg1 Nd5 31. Re1 Rf8 32. Rf1 a6 33. Rf3 Rxf3 34.
Qxf3 Qh4 35. b3 Qe7 36. Kc2 Qf7 37. Qxf7+ Kxf7 38. g5 Ke7 39. c4 bxc4 40. bxc4
Nf4 41. Kb3 Kd7 42. Kb4 Kc6 43. Be3 Nd3+ 44. Ka5 Nb2 45. d5+ exd5 46. Bb6 dxc4
47. Bd4 Kd5 48. Bc3 Ke6 49. Kb4 Kf5 1-0

[Event "Open Semana Santa 2023"]
[Site "?"]
[Date "2023.04.07"]
[Round "5.216"]
[White "Arana Rodriguez, Marlon Uriel"]
[Black "Lirola Gimeno, Manuel Jaime"]
[Result "1-0"]
[WhiteElo "1185"]
[BlackElo "1407"]
[PlyCount "117"]

1. e4 e6 2. d4 d5 3. Nd2 dxe4 4. Nxe4 Bd7 5. Nf3 Bc6 6. Bd3 Nf6 7. Bg5 Be7 8.
Nxf6+ Bxf6 9. h4 h6 10. Be3 Nd7 11. Qe2 Qe7 12. O-O-O O-O-O 13. g3 e5 14. Bb5
Bxb5 15. Qxb5 exd4 16. Nxd4 Qe5 17. Nc6 Qxb2+ 18. Qxb2 Bxb2+ 19. Kxb2 bxc6 20.
Bxa7 Nb6 21. Rhe1 Rxd1 22. Rxd1 Rd8 23. Bxb6 cxb6 24. Rxd8+ Kxd8 25. Kc3 Ke7
26. Kd4 Kd6 27. c4 c5+ 28. Ke4 Kc6 29. a4 Kd6 30. Kf5 Ke7 31. h5 Kd6 32. f4 Kd7
33. g4 Ke7 34. g5 f6 35. gxh6 gxh6 36. Kg6 Ke6 37. Kxh6 Kf7 38. Kh7 f5 39. h6
Kf6 40. Kg8 Kg6 41. h7 b5 42. h8=N+ Kf6 43. axb5 Ke6 44. Nf7 Kd7 45. Ne5+ Kc7
46. Nc6 Kd6 47. Kf7 Kd7 48. Kf6 Kc8 49. Ne7+ Kd7 50. Nxf5 Kc7 51. Ke7 Kb6 52.
Nd6 Kc7 53. f5 Kb6 54. f6 Kc7 55. f7 Kb6 56. f8=Q Kc7 57. Qc8+ Kb6 58. Qa6+ Kc7
59. Qb7# 1-0

[Event "Open Semana Santa 2023"]
[Site "?"]
[Date "2023.04.07"]
[Round "5.217"]
[White "Garcia Vives, Mireia"]
[Black "Santos Anton, Armando"]
[Result "0-1"]
[WhiteElo "1003"]
[BlackElo "1353"]
[PlyCount "58"]

1. e4 e6 2. d4 c5 3. c3 d5 4. exd5 exd5 5. Nf3 Nf6 6. Bb5+ Nc6 7. O-O Bd6 8.
Re1+ Ne4 9. Nbd2 O-O 10. Nxe4 dxe4 11. Rxe4 cxd4 12. Nxd4 a6 13. Bxc6 bxc6 14.
Nxc6 Bxh2+ 15. Kxh2 Qxd1 16. Rd4 Qh5+ 17. Kg1 Bb7 18. Ne7+ Kh8 19. Bf4 Rfe8 20.
Rad1 h6 21. Rd7 Rxe7 22. Rxe7 Qxd1+ 23. Kh2 Qd5 24. f3 Bc6 25. Re5 Qxa2 26. Re2
Re8 27. Rxe8+ Bxe8 28. b4 Bc6 29. Be5 Bxf3 0-1

[Event "Open Semana Santa 2023"]
[Site "?"]
[Date "2023.04.07"]
[Round "5.218"]
[White "Anton Ortiz, Javier"]
[Black "Fenoll Molina, Cesar"]
[Result "0-1"]
[WhiteElo "1332"]
[BlackElo "1279"]
[PlyCount "78"]

1. e4 e6 2. d4 d5 3. exd5 exd5 4. Nc3 Nf6 5. Nf3 Bb4 6. Bd2 O-O 7. Be2 Re8 8.
O-O Be6 9. Bd3 Qd7 10. Ne5 Qc8 11. a3 Bd6 12. Nb5 Nc6 13. Nxd6 cxd6 14. Nf3 Bg4
15. c3 Bf5 16. Bxf5 Qxf5 17. Nh4 Qe4 18. Nf3 Qd3 19. Be3 Qg6 20. Bf4 Ne4 21.
Qb3 Ne7 22. Qxb7 Rab8 23. Qd7 Qf6 24. Bc1 Nf5 25. Qxa7 Nh4 26. Nxh4 Qxh4 27. g3
Qh3 28. Qa6 Nxf2 29. Rxf2 Re1+ 30. Rf1 Rbe8 31. Bd2 R1e2 32. Rf2 Rxf2 33. Kxf2
Qxh2+ 34. Kf3 Qxd2 35. Qxd6 Qe3+ 36. Kg2 Qe2+ 37. Kh3 Qh5+ 38. Kg2 Re2+ 39. Kf1
Qf3+ 0-1

[Event "Open Semana Santa 2023"]
[Site "?"]
[Date "2023.07.13"]
[Round "5.220"]
[White "Beneyto De Ramon, Jaime"]
[Black "Prochaieva, Olha"]
[Result "0-1"]
[WhiteElo "1070"]
[BlackElo "1282"]
[PlyCount "42"]

1. e4 c5 2. Nf3 e6 3. Bc4 a6 4. a4 b6 5. Nc3 Bb7 6. d3 d6 7. O-O Nd7 8. Bf4
Ngf6 9. Re1 Qc7 10. b3 Be7 11. h3 O-O 12. Qd2 Rfd8 13. Re2 Bc6 14. Qd1 Rdb8 15.
Qc1 Nh5 16. Qd2 Bf6 17. g3 Nxf4 18. gxf4 Bxc3 19. Qxc3 b5 20. axb5 axb5 21.
Rxa8 Rxa8 0-1